Languages by Their Word for Yes - Statistics

General Stats
  • This quiz has been taken 80 times
  • The average score is 10 of 20
Answer Stats
Alighierian name Proper name % Correct
Yes English
99%
Oui French
99%
Spanish
99%
Ja German, Swedish, etc.
94%
Da Serbo-Croatian, Russian, etc.
84%
Italian
74%
Shì (among others) Mandarin
71%
Đúng Vietnamese
60%
Hai Japanese
56%
Sim Portuguese
41%
Tak Polish & Ukrainian
40%
Evet Turkish
36%
Naí Greek
20%
Haan Hindi
20%
Naeam Arabic
19%
Ano Czech & Slovak
16%
Ndio Swahili
16%
'Ae Hawaiian
14%
Òc Occitan
14%
Bale Persian
13%
No matching quizzes found
Score Distribution
Percent of People with Each Score
Percentile by Number Answered
Your Score History
You have not taken this quiz